Kỹ thuật nuôi và kinh doanh cá kiểng
Cuốn sách này sẽ giới thiệu đến các bạn Kỹ Thuật Nuôi Và Kinh Doanh Cá Kiểng bao gồm: Nghề kinh doanh cá kiểng, Kỹ thuật nuôi cá kiểng, Những giống cá kiểng có thị trường ổn định.
Guardat en:
| Autor principal: | |
|---|---|
| Format: | Llibre |
| Idioma: | Undetermined |
| Publicat: |
Thành phố Hồ Chí Minh
Nhà xuất bản Thành phố Hồ Chí Minh
2002
|
| Matèries: | |
| Etiquetes: |
Afegir etiqueta
Sense etiquetes, Sigues el primer a etiquetar aquest registre!
|
| Thư viện lưu trữ: | Trung tâm Học liệu Trường Đại học Cần Thơ |
|---|
| LEADER | 00900nam a2200193Ia 4500 | ||
|---|---|---|---|
| 001 | CTU_48428 | ||
| 008 | 210402s9999 xx 000 0 und d | ||
| 082 | |a 639.34 | ||
| 082 | |b V308 | ||
| 100 | |a Việt Chương | ||
| 245 | 0 | |a Kỹ thuật nuôi và kinh doanh cá kiểng | |
| 245 | 0 | |c Việt Chương, Nguyễn Sô | |
| 260 | |a Thành phố Hồ Chí Minh | ||
| 260 | |b Nhà xuất bản Thành phố Hồ Chí Minh | ||
| 260 | |c 2002 | ||
| 520 | |a Cuốn sách này sẽ giới thiệu đến các bạn Kỹ Thuật Nuôi Và Kinh Doanh Cá Kiểng bao gồm: Nghề kinh doanh cá kiểng, Kỹ thuật nuôi cá kiểng, Những giống cá kiểng có thị trường ổn định. | ||
| 650 | |a Aquarium fishes,Aquarium fishe trade | ||
| 904 | |i Minh | ||
| 980 | |a Trung tâm Học liệu Trường Đại học Cần Thơ | ||